000 02480 a2200385 4500
005 20160830081128.0
008 140224s2007 ag g 0 m mul d
040 _aCO-BoUCM
_bspa
_cJose A. Gerena (modificó)
_d[Nuevo]
041 _aeng
041 _aspa
092 _aDVD 1302
245 0 0 _aPetróleo sangriento
_cPaul Thomas Anderson, director
_h[DVD]
246 1 3 _aThere Will Be Blood
260 _aBuenos Aires (Argentina)
_bParamount Vantage
_c2007
300 _a1 DVD, 158 minutos
_bimagen, sonido, color
500 _aSINOPSIS: Daniel Plainview y su hijo son petroleros independientes a principios del siglo XX que se encuentran en busca de proyectos en California. En su búsqueda tendrán que enfrentarse a Eli Sunday, un joven predicador cuya ambición sólo es comparable a la de Plainview. La batalla entre estos dos personajes es el centro de un escalofriante y oscuramente cómico recorrido por la historia hasta el abismo de la locura [Tomado de la fuente]
508 _aCRÉDITOS: Escrita y dirigida por Paul Thomas Anderson; música por Jonny Greenwood; diseño de producción por Jack Fisk; dirección de arte por David Crank; ambientación por Jim Erickson; vestuario por Mark Bridges; fotografía por Robert Elswit
511 0 _aREPARTO: Daniel Day-Lewis, Martin Stringer, Matthew Braden Stringer, Jacob Stringer, Joseph Mussey, Barry Del Sherman, Harrison Taylor, Stockton Taylor, Paul F. Tompkins, Dillon Freasier
546 _aAudio en inglés y español. Subtítulos en inglés y español
586 _aGanadora de dos premios de la Academia, 2008 (mejor actuación de actor en rol principal, mejor fotografía)
586 _aGanadora de un premio Golden Globes, 2008 (mejor actuación de un actor en película drama)
650 4 _957124
_aDrama en el cine
_vDVD
650 7 _aPozos petroleros
_zEstados Unidos
_vDVD
_957182
650 7 _aRelaciones de familia
_vDVD
_957183
650 7 _951326
_aPelículas cinematográficas
_zEstados Unidos
_vDVD
690 _aEntretenimiento
_926487
690 _aSociología
_9386
700 1 _aAnderson, Paul Thomas
_edirector
_957145
710 2 _aParamount Vantage
_944784
710 2 _aMiramax Films
_951630
710 2 _aGhoulardi Film Company
_957146
765 0 _tThere will be blood
856 4 0 _uhttps://www.youtube.com/watch?v=nH-am_XTClk
_zSiga este enlace para ver el trailer
_zTrailer tomado del canal TrailerCraze vía YouTube.com
942 _2LOCAL
_a11
_cMULTIMEDIA
_e1
_hDVD 1302
999 _c239795
_d239795